Quality of Public Services at the Local Level in Slovakia

Cieľom príspevku je zhrnúť dosiahnuté výsledky v oblasti reformy verejnej správy na Slovensku a zhodnotiť rozvojové a reformné opatrenia minulých vlád zameraných na zvýšenie kvality verejných služieb na miestnej úrovni.

Guardado en:
Detalles Bibliográficos
Autor principal: Malíková, Ľudmila
Otros Autores: Jacko, Tomáš, 1987-
Formato: Capítulo de libro
Lenguaje:inglés
Materias:
Etiquetas: Agregar Etiqueta
Sin Etiquetas, Sea el primero en etiquetar este registro!

MARC

LEADER 00000naa$a2200000$$$4500
001 0289967
005 20240502083933.7
041 0 |a eng 
044 |a SI 
245 1 0 |a Quality of Public Services at the Local Level in Slovakia  |c Ľudmila Malíková, Tomáš Jacko 
520 |a Cieľom príspevku je zhrnúť dosiahnuté výsledky v oblasti reformy verejnej správy na Slovensku a zhodnotiť rozvojové a reformné opatrenia minulých vlád zameraných na zvýšenie kvality verejných služieb na miestnej úrovni. 
610 2 0 |a správa štátna 
610 2 0 |a samospráva 
610 2 0 |a služby verejné 
100 1 |a Malíková, Ľudmila 
700 1 |a Jacko, Tomáš, 1987-